Music Quiz

Random Music or Clip Quiz

Artist By Music Clip Quiz Stats

 Plays Quiz not verified by Sporcle

Score 0/100 Timer 20:00
0 Plays Today
Time Artist % Correct
00:00The Beatles
94.2%
00:18Spice Girls
93.9%
00:06Backstreet Boys
91.7%
03:18Britney Spears
90.1%
00:54Eminem
88.5%
04:48Bon Jovi
88.4%
00:12Nickelback
87.8%
06:42Queen
87.7%
07:48Lady GaGa
87.3%
04:30Black Eyed Peas
86.6%
01:06Rihanna Feat. Jay-Z
86.4%
09:42Michael Jackson
86.3%
01:24Shakira
85.1%
01:18Gwen Stefani
85%
04:18ABBA
84.9%
03:42Avril Lavigne
84.5%
03:54John Lennon
84.2%
02:54OutKast
83.9%
05:00Céline Dion
83.2%
03:00Beyoncé Feat. Jay-Z
82.9%
04:12Red Hot Chili Peppers
82.4%
03:36The Police
81.9%
09:54Green Day
81.4%
04:36The Bee Gees
81.2%
02:48Elvis Presley
80.9%
05:06Aretha Franklin
80.9%
01:3650 Cent
80.5%
08:36Maroon 5
80.3%
08:00Village People
80.2%
09:24Coldplay
79.8%
07:00Justin Timberlake
79.7%
01:48Pink Floyd
79.7%
08:42The Beach Boys
79.2%
04:24Aqua
79%
Time Artist % Correct
01:00Bruce Springsteen
78.8%
09:48Pink
78.1%
08:48Nirvana
77.5%
06:36R.E.M.
77.3%
08:06Eagles
77.2%
09:30Ke$ha
76.9%
02:06James Blunt
76.7%
09:06Guns N' Roses
75.9%
05:54Usher Feat. Lil Jon & Ludacris
75.8%
03:48Bob Marley & The Wailers
75.7%
02:42AC/DC
75.6%
03:30The White Stripes
75.2%
05:30The Killers
74.6%
06:18Linkin Park
74.6%
05:18Oasis
74.4%
07:30The Fray
73.6%
08:54The Rolling Stones
73.1%
05:48Whitney Houston
73%
09:12Elton John
72.4%
02:36Gorillaz
72%
00:24Coolio Feat. L.V.
71.4%
02:18Louis Armstrong
71.4%
07:42Madonna
70.6%
07:18Smash Mouth
70.4%
09:18Cyndi Lauper
70%
02:12Kings of Leon
69.7%
03:12A-Ha
69.2%
07:54The Verve
68.6%
00:30Deep Purple
68.5%
01:54Snow Patrol
68.1%
00:36Radiohead
68%
00:42Wham!
67.9%
06:12R. Kelly
67.7%
02:24Stevie Wonder
67.4%
Time Artist % Correct
07:12Survivor
67.2%
01:12The Monkees
66.8%
09:36Van Halen
66.8%
00:48U2
66.3%
06:48Joan Jett & The Blackhearts
65%
09:00Aerosmith
64.9%
06:30Simon & Garfunkel
64.6%
03:24Will Smith
64.6%
05:12Lynyrd Skynyrd
64.4%
03:06Shania Twain
64.1%
01:30The Jimi Hendrix Experience
63.9%
06:00The Doors
63.6%
05:42Chumbawamba
63.3%
01:42Duran Duran
63%
08:18Franz Ferdinand
62.9%
07:36Ludvig Van Beethoven
62.6%
02:30Gloria Gaynor
62.1%
02:00Bob Dylan
61.6%
08:24Christina Aguilera
61.6%
08:12Hanson
59.1%
04:54Bryan Adams
58.7%
07:06Nelly Furtado
58.6%
05:24Lou Bega
58%
07:24Destiny's Child
57.7%
06:06Led Zeppelin
53.9%
04:42Baha Men
52.4%
05:36Marvin Gaye
51.1%
04:00Weezer
49.9%
06:54Eurythmics
49.5%
04:06The Who
49.3%
08:30Jennifer Lopez
30.1%
06:24Ricky Martin
16.8%

You're not logged in!

Compare scores with friends on all Sporcle quizzes.
Join for Free
OR
Log In

You Might Also Like...

Show Comments

Extras

Top Quizzes Today


Score Distribution

Your Account Isn't Verified!

In order to create a playlist on Sporcle, you need to verify the email address you used during registration. Go to your Sporcle Settings to finish the process.

Report this User

Report this user for behavior that violates our Community Guidelines.

Details: